Medical parasitology
Saved in:
| Main Author: | |
|---|---|
| Format: | Book |
| Language: | English |
| Published: |
CBS Publishers
2020
|
| Tags: |
Add Tag
No Tags, Be the first to tag this record!
|
MARC
| LEADER | 00000nam a22000007a 4500 | ||
|---|---|---|---|
| 008 | 211125b ||||| |||| 00| 0 eng d | ||
| 020 | |a 9789386827555 | ||
| 100 | |a ARORA, D. R. | ||
| 245 | |a Medical parasitology |c D.R. Arora [and] Brij Bala Arora |g xviii, 277p. | ||
| 250 | |b 5th ed. | ||
| 260 | |b CBS Publishers |c 2020 |h New Delhi |i 697042 |i 697043 |l RC 119 .Ar6 |m Medical Parasitology |m Parasites | ||
| 500 | |a "It includes index" | ||
| 942 | |a lcc |c BK |e Adeyeye Y. S. |f 25/11/21 | ||
| 952 | |0 0 |1 0 |2 lcc |4 0 |7 0 |9 3933 |a HOL |b HOL |c QZ |d 2021-11-25 |o RC 119 .Ar6 |p 2021-67656 |r 2021-11-25 00:00:00 |t 697042 |w 2021-11-25 |y BK | ||
| 952 | |0 0 |1 0 |2 lcc |4 0 |7 0 |9 3934 |a HOL |b ML |c QZ |d 2021-11-25 |o RC 119 .Ar6 |p 2021-67657 |r 2021-11-25 00:00:00 |t 697043 |w 2021-11-25 |y BK | ||
| 999 | |c 1968 |d 1968 | ||